Corporate chanakya : (Record no. 4351)

MARC details
000 -LEADER
fixed length control field 00559nam a2200181 4500
001 - CONTROL NUMBER
control field 5190
005 - DATE AND TIME OF LATEST TRANSACTION
control field 20181127174959.0
020 00 - INTERNATIONAL STANDARD BOOK NUMBER
International Standard Book Number 9788184951332
090 00 - LOCALLY ASSIGNED LC-TYPE CALL NUMBER (OCLC); LOCAL CALL NUMBER (RLIN)
Classification number (OCLC) (R) ; Classification number, CALL (RLIN) (NR) 658.4042 P641c 2015
100 00 - MAIN ENTRY--PERSONAL NAME
Personal name Pillai, Radhakrishnan,
245 00 - TITLE STATEMENT
Title Corporate chanakya :
Remainder of title successful management the chanakya way /
Statement of responsibility, etc. Radhakrishnan Pillai.
Medium
260 00 - PUBLICATION, DISTRIBUTION, ETC.
Place of publication, distribution, etc. Ahmedabad :
Name of publisher, distributor, etc. Jaico Publishing House,
Date of publication, distribution, etc. 2015.
300 00 - PHYSICAL DESCRIPTION
Extent 317 p. ; 25 cm.
650 00 - SUBJECT ADDED ENTRY--TOPICAL TERM
Topical term or geographic name entry element Leadership.
General subdivision
Topical term or geographic name entry element Management -- Moral and ethical aspects.
General subdivision
Topical term or geographic name entry element Training.
General subdivision
Holdings
Withdrawn status Lost status Source of classification or shelving scheme Damaged status Not for loan Collection code Home library Current library Shelving location Serial Enumeration / chronology Inventory number Total Checkouts Full call number Barcode Date last seen Date last checked out Price effective from Koha item type
    Dewey Decimal Classification     Main TEST RTC Library RTC Library Main opac 8469 2 658.409 PIL 30009484 02/03/2020 20/02/2020 27/11/2018 Main
Royal Thimphu College || All Right Reserved